Sports Quiz

Random Sports Quiz

2 or More Seasons With ERA Lower than 1.50 Quiz Stats

 Plays Quiz not verified by Sporcle

Score 0/5 Timer 05:00
0 Plays Today
Years Name % Correct
1910, 1912, 1913, 1918, 1919 Walter Johnson
93.9%
1905, 1908, 1909Christy Mathewson
91.8%
1906,1907, 1908, 1909Mordecai 'Three Fingers' Brown
65.3%
1908, 1909, 1910Ed Walsh
59.2%
1876, 1880George Bradley
8.2%

You're not logged in!

Compare scores with friends on all Sporcle quizzes.
OR
Log In

Sporcle TV

Today on Sporcle TV


Watch our educational content, quiz creation guides, and fun videos on Sporcle TV.

Show Comments

Extras

Created Jul 23, 2016ReportNominate
Tags:ERA Leaders, ERA Pitchers

Top Quizzes Today


Score Distribution

Your Account Isn't Verified!

In order to create a playlist on Sporcle, you need to verify the email address you used during registration. Go to your Sporcle Settings to finish the process.

Report this User

Report this user for behavior that violates our Community Guidelines.

Details: